000
00268nam a22001217a 4500
008
180629b xxu||||| |||| 00| 0 eng d
041
_a
eng
080
_a
321
100
_a
19
101
_a
SHP
245
_a
Capitalism with a Human Face
_c
Brittan, S
942
_2
udc
_c
BK
999
_c
46630
_d
46630